000 00744nam a22002057a 4500
005 20251108165400.0
008 250721s1989 xx 000 0 ara d
082 1 4 _aم/922.13/شيخ
100 1 _aأبو الشيخ، أبو محمد عبد الله بن محمد
245 1 0 _aطبقات المحدثين بأصبهان والواردين عليها /
264 1 _aبيروت :
_bدار الكتب العلمية،
_c1989.
300 _a4ج في 2 مج
650 1 7 _aالحديث الشريف
650 1 7 _aرواية الحديث
650 1 7 _aالتراجم
700 1 _aالبنداري، عبد الغفار سليمان
_eتحقيق
700 1 _aحسن، سيد كسروى
_eتحقيق
942 _2ddc
_cREF
999 _c26553
_d26553